[Event "Ruhrgebiet Regionalliga 1819"]
[Site "Nordrheinwestfalen"]
[Date "2018.12.16"]
[Round "5.7"]
[White "Koch, Marcel"]
[Black "Seibert, Michael"]
[Result "1-0"]
[WhiteElo "1917"]
[BlackElo "1957"]
[PlyCount "37"]
[EventDate "2018.09.02"]
[EventType "team-tourn"]
[EventRounds "11"]
[EventCountry "GER"]
[SourceTitle "EXT 2022"]
[Source "ChessBase"]
[SourceDate "2021.10.06"]
[SourceVersion "1"]
[SourceVersionDate "2021.10.06"]
[SourceQuality "1"]
[WhiteTeam "Kamen SV"]
[BlackTeam "Oberhausen SV II"]
[WhiteTeamCountry "GER"]
[BlackTeamCountry "GER"]

1. d4 g6 2. Nf3 Bg7 3. g3 c5 4. Bg2 cxd4 5. Nxd4 Nc6 6. Nxc6 bxc6 7. 0-0 Nf6 8. c4 d5 9. Nc3 e6 10. Qc2 0-0 11. Rd1 Qc7 12. cxd5 cxd5 13. Bf4 Qc4 14. Rac1 Nh5 15. Bd6 Rd8 16. Nxd5 Qxc2 17. Ne7+ Kh8 18. Rxc2 Rb8 19. Nc6 1-0

[Event "Ruhrgebiet Regionalliga 1819"]
[Site "Nordrheinwestfalen"]
[Date "2018.10.28"]
[Round "3.7"]
[White "Doenges, Dirk"]
[Black "Seibert, Michael"]
[Result "0-1"]
[WhiteElo "1767"]
[BlackElo "1957"]
[PlyCount "82"]
[EventDate "2018.09.02"]
[EventType "team-tourn"]
[EventRounds "11"]
[EventCountry "GER"]
[SourceTitle "EXT 2022"]
[Source "ChessBase"]
[SourceDate "2021.10.06"]
[SourceVersion "1"]
[SourceVersionDate "2021.10.06"]
[SourceQuality "1"]
[WhiteTeam "Horst Emscher"]
[BlackTeam "Oberhausen SV II"]
[WhiteTeamCountry "GER"]
[BlackTeamCountry "GER"]

1. e4 c5 2. Nf3 g6 3. c3 d5 4. exd5 Qxd5 5. d4 Nc6 6. Be3 Nf6 7. c4 Qd6 8. Nc3 cxd4 9. Nxd4 Nxd4 10. Bxd4 Bd7 11. Be2 Bg7 12. 0-0 0-0 13. Re1 a6 14. c5 Qc7 15. Bf3 Bc6 16. Bxc6 Qxc6 17. Qe2 Rfd8 18. Rad1 Rd7 19. h3 Rad8 20. Be3 Ne4 21. Rxd7 Rxd7 22. Nxe4 Qxe4 23. Rd1 Rxd1+ 24. Qxd1 Bxb2 25. Bh6 Bd4 26. Kh1 Qh4 27. Qa4 Qxh6 28. Qxd4 Qg5 29. Qe4 Qxc5 30. Qxb7 a5 31. f3 Qb4 32. Qd5 Kg7 33. Qd3 Qe1+ 34. Kh2 Qe5+ 35. Kh1 Qa1+ 36. Kh2 Qxa2 37. Qd4+ f6 38. Qd8 Qa3 39. f4 Qb4 40. Qc7 a4 41. g4 g5 0-1

[Event "Ruhrgebiet Verbandsliga Gruppe 1 1617"]
[Site "Germany"]
[Date "2017.03.12"]
[Round "8.8"]
[White "Ghajar Koshravi, Ariaan"]
[Black "Seibert, Michael"]
[Result "1-0"]
[WhiteElo "1782"]
[BlackElo "1924"]
[PlyCount "105"]
[EventDate "2016.09.04"]
[EventType "team-tourn"]
[EventRounds "9"]
[EventCountry "GER"]
[SourceTitle "EXT 2022"]
[Source "ChessBase"]
[SourceDate "2021.10.06"]
[SourceVersion "1"]
[SourceVersionDate "2021.10.06"]
[SourceQuality "1"]
[WhiteTeam "Steele/Kray Rochade"]
[BlackTeam "Oberhausen SV II"]
[WhiteTeamCountry "GER"]
[BlackTeamCountry "GER"]

1. e4 c5 2. Nc3 g6 3. f4 Bg7 4. Nf3 Nc6 5. Bc4 d6 6. 0-0 Bd7 7. Qe1 e6 8. d3 Nge7 9. Ne2 0-0 10. Nh4 Nd4 11. Nxd4 Bxd4+ 12. Kh1 b5 13. Bb3 d5 14. c3 Bg7 15. f5 exf5 16. exd5 Re8 17. Qf2 b4 18. Bd2 Bb5 19. c4 Bd4 20. Be3 Bxe3 21. Qxe3 Nxd5 22. Qf2 Ne3 23. cxb5 Nxf1 24. Rxf1 Qxd3 25. Rc1 Rac8 26. Bc4 Qd4 27. Qxd4 cxd4 28. b3 Re4 29. Nf3 Rce8 30. Kg1 h6 31. Rd1 Rd8 32. Ne1 d3 33. Nxd3 Re2 34. Ra1 Rd4 35. Nxb4 Red2 36. a4 Rg4 37. g3 f4 38. Ra2 Rd1+ 39. Kg2 fxg3 40. hxg3 Re1 41. Rf2 h5 42. Rxf7 Rxc4 43. bxc4 Kxf7 44. Nc6 Ra1 45. a5 Ke6 46. b6 axb6 47. axb6 Rb1 48. b7 Rxb7 49. Nd8+ Ke5 50. Nxb7 Kd4 51. c5 Kd5 52. Kf3 Kc6 53. Kf4 1-0

[Event "Ruhrgebiet Verbandsliga Gruppe 1 1617"]
[Site "Germany"]
[Date "2017.01.29"]
[Round "6.8"]
[White "Gitschel, Ralf"]
[Black "Seibert, Michael"]
[Result "1/2-1/2"]
[WhiteElo "1849"]
[BlackElo "1916"]
[PlyCount "42"]
[EventDate "2016.09.04"]
[EventType "team-tourn"]
[EventRounds "9"]
[EventCountry "GER"]
[SourceTitle "EXT 2022"]
[Source "ChessBase"]
[SourceDate "2021.10.06"]
[SourceVersion "1"]
[SourceVersionDate "2021.10.06"]
[SourceQuality "1"]
[WhiteTeam "Eichlinghofen SV"]
[BlackTeam "Oberhausen SV II"]
[WhiteTeamCountry "GER"]
[BlackTeamCountry "GER"]

1. e4 c5 2. Nf3 g6 3. d4 cxd4 4. Nxd4 Bg7 5. Nc3 Nc6 6. Be3 Nf6 7. Be2 0-0 8. 0-0 d5 9. exd5 Nxd5 10. Nxd5 Qxd5 11. Bf3 Qc4 12. Nxc6 bxc6 13. c3 Be6 14. b3 Qxc3 15. Rc1 Qa5 16. Rxc6 Rad8 17. Qe2 Bd4 18. Ra6 Qb4 19. Ra4 Qb6 20. Ra6 Qb4 21. Ra4 Qb6 1/2-1/2

[Event "Ruhrgebiet Verbandsliga Gruppe 1 1617"]
[Site "Germany"]
[Date "2016.09.04"]
[Round "1.8"]
[White "Seibert, Michael"]
[Black "Braun, Uwe"]
[Result "1-0"]
[WhiteElo "1916"]
[BlackElo "1765"]
[PlyCount "37"]
[EventDate "2016.09.04"]
[EventType "team-tourn"]
[EventRounds "9"]
[EventCountry "GER"]
[SourceTitle "EXT 2022"]
[Source "ChessBase"]
[SourceDate "2021.10.06"]
[SourceVersion "1"]
[SourceVersionDate "2021.10.06"]
[SourceQuality "1"]
[WhiteTeam "Oberhausen SV II"]
[BlackTeam "Bottrop SV"]
[WhiteTeamCountry "GER"]
[BlackTeamCountry "GER"]

1. d4 Nf6 2. Bg5 d5 3. Bxf6 exf6 4. e3 Bd6 5. c4 dxc4 6. Bxc4 0-0 7. Qc2 f5 8. Nf3 Nd7 9. Qxf5 Ne5 10. Qc2 Nxf3+ 11. gxf3 Qg5 12. Nc3 Qg2 13. 0-0-0 Qxf3 14. Bd3 Qh3 15. Nd5 Bg4 16. Rdg1 h6 17. Kb1 Qf3 18. Be2 Qxe2 19. Nf6+ 1-0

[Event "Ruhrgebiet VK2 1112"]
[Site "Nordrheinwestfalen"]
[Date "2012.03.25"]
[Round "8"]
[White "Seibert, Michael"]
[Black "Wegge, Martin"]
[Result "1-0"]
[WhiteElo "1947"]
[BlackElo "1615"]
[PlyCount "80"]
[EventDate "2012.09.18"]
[EventType "team-tourn"]
[EventRounds "9"]
[EventCountry "GER"]
[SourceTitle "EXT 2020"]
[Source "ChessBase"]
[SourceDate "2019.10.17"]
[SourceVersion "1"]
[SourceVersionDate "2019.10.17"]
[SourceQuality "1"]
[WhiteTeam "Oberhausen SV III"]
[BlackTeam "Marten Boevinghausen"]
[WhiteTeamCountry "GER"]
[BlackTeamCountry "GER"]

1. d4 Nf6 2. Bg5 d5 3. Bxf6 gxf6 4. e3 Bf5 5. Bd3 Bg6 6. f4 Bxd3 7. Qxd3 Qd7 8. Nf3 c6 9. Nbd2 Na6 10. c3 e6 11. b4 Nc7 12. 0-0 Bg7 13. Nb3 b6 14. a4 0-0 15. a5 Rfb8 16. Ra2 Qc8 17. g4 Qa6 18. Qc2 Qb7 19. f5 Ne8 20. g5 exf5 21. Nh4 fxg5 22. Nxf5 Qd7 23. Qg2 h6 24. Qh3 Kh7 25. Rg2 f6 26. Qg3 Qc7 27. Qf3 Qf7 28. h4 Rb7 29. Qh3 Kg8 30. hxg5 hxg5 31. Rh2 Rd8 32. axb6 axb6 33. Nd2 Nd6 34. e4 Nxf5 35. Qxf5 Rdd7 36. e5 fxe5 37. Qh7+ Kf8 38. Rxf7+ Rxf7 39. Qg6 exd4 40. Qd6+ Kg8 1-0

[Event "Ruhrgebiet Regionalliga 1112"]
[Site "Nordrheinwestfalen"]
[Date "2012.01.15"]
[Round "6.8"]
[White "Seibert, Michael"]
[Black "Reisberg, Andre"]
[Result "1-0"]
[WhiteElo "1947"]
[BlackElo "1814"]
[PlyCount "91"]
[EventDate "2011.09.25"]
[EventType "team-tourn"]
[EventRounds "9"]
[EventCountry "GER"]
[SourceTitle "EXT 2020"]
[Source "ChessBase"]
[SourceDate "2019.10.17"]
[SourceVersion "1"]
[SourceVersionDate "2019.10.17"]
[SourceQuality "1"]
[WhiteTeam "Oberhausen SV II"]
[BlackTeam "Brackel SF"]
[WhiteTeamCountry "GER"]
[BlackTeamCountry "GER"]

1. d4 d5 2. Bg5 Nd7 3. e3 Ngf6 4. c4 e6 5. Nc3 c6 6. a3 a5 7. cxd5 exd5 8. Bd3 Be7 9. Nf3 0-0 10. Qc2 Re8 11. Ne2 Ne4 12. Bf4 Nf8 13. h4 Bd6 14. Ng5 Bxf4 15. Nxf4 Qe7 16. 0-0-0 h6 17. Nxe4 dxe4 18. Be2 Bf5 19. g4 Bh7 20. g5 Qd6 21. gxh6 Qxh6 22. Rdg1 Ne6 23. Nh5 Nxd4 24. Qd1 Ne6 25. Bc4 Re7 26. Bxe6 fxe6 27. Rg5 Bg6 28. Qd6 Rae8 29. Nf4 Bf5 30. Rhg1 Kf7 31. Qe5 Rg8 32. Nh5 Kf8 33. Qb8+ Kf7 34. Qe5 Kf8 35. Nf6 Rh8 36. Rh5 Qxf6 37. Qxf6+ gxf6 38. Rxh8+ Kf7 39. Rgg8 a4 40. Rf8+ Kg6 41. h5+ Kg5 42. Rfg8+ Kh4 43. h6 Rd7 44. Rg7 e5 45. Rxd7 Bxd7 46. Rf8 1-0

[Event "Ruhrgebiet Regionalliga 1011"]
[Site "Nordrheinwestfalen"]
[Date "2010.10.31"]
[Round "2.8"]
[White "Richters, Marc"]
[Black "Seibert, Michael"]
[Result "1/2-1/2"]
[WhiteElo "1913"]
[BlackElo "1956"]
[PlyCount "118"]
[EventDate "2010.09.19"]
[EventType "team-tourn"]
[EventRounds "9"]
[EventCountry "GER"]
[SourceTitle "EXT 2020"]
[Source "ChessBase"]
[SourceDate "2019.10.17"]
[SourceVersion "1"]
[SourceVersionDate "2019.10.17"]
[SourceQuality "1"]
[WhiteTeam "Weisse Dame Borbeck"]
[BlackTeam "Oberhausen SV II"]
[WhiteTeamCountry "GER"]
[BlackTeamCountry "GER"]

1. e4 c5 2. c3 d5 3. e5 Nc6 4. d4 cxd4 5. cxd4 Qb6 6. Nc3 Qxd4 7. Nxd5 Qxd1+ 8. Kxd1 Bg4+ 9. f3 0-0-0 10. fxg4 Rxd5+ 11. Ke1 Rxe5+ 12. Kf2 Nf6 13. Nf3 Rc5 14. h3 Ne4+ 15. Ke3 Ng3 16. Rg1 e6 17. Bd3 Rd5 18. Rd1 Bc5+ 19. Kf4 Bd6+ 20. Ke3 Rd8 21. Kf2 Bc7 22. Bg5 Ne4+ 23. Bxe4 Rxd1 24. Rxd1 Rxd1 25. Bxh7 Ne5 26. Bc2 Nxf3 27. Kxf3 Ra1 28. Bb3 Rb1 29. h4 Bd8 30. Be3 Bxh4 31. g5 Rxb2 32. g3 Bxg5 33. Bxg5 Kd7 34. Be3 a6 35. Bd4 Rb1 36. Bxg7 f6 37. Bf8 a5 38. Bc5 b5 39. Bd4 a4 40. Bc2 Rc1 41. Bd3 e5 42. Bxb5+ Kd6 43. Be3 Rc2 44. Bxa4 Rxa2 45. Bb3 Ra3 46. Bc2 Ke6 47. g4 Kd5 48. Be4+ Ke6 49. Bh7 Ra8 50. Bf5+ Kd6 51. Bc1 Ra1 52. Bh6 Rf1+ 53. Ke2 Ra1 54. Bf8+ Kd5 55. Be7 Ra6 56. Ke3 Rb6 57. Kd3 Rb3+ 58. Kc2 Rf3 59. Bxf6 Rxf5 1/2-1/2

[Event "Ruhrgebiet VL2 0910"]
[Site "Germany"]
[Date "2010.02.21"]
[Round "7.8"]
[White "Seibert, Michael"]
[Black "Wojdyla, Martin"]
[Result "1-0"]
[WhiteElo "1880"]
[BlackElo "1884"]
[PlyCount "59"]
[EventDate "2009.09.06"]
[EventType "team-tourn"]
[EventRounds "9"]
[EventCountry "GER"]
[SourceTitle "EXT 2011"]
[Source "ChessBase"]
[SourceDate "2010.11.26"]
[SourceVersion "1"]
[SourceVersionDate "2010.11.26"]
[SourceQuality "1"]
[WhiteTeam "Oberhausen II"]
[BlackTeam "Brackel II"]
[WhiteTeamCountry "GER"]
[BlackTeamCountry "GER"]

1. d4 f5 2. Bg5 g6 3. e3 Bg7 4. Bc4 Nf6 5. Nc3 c6 6. Nf3 d5 7. Bb3 Be6 8. Ne2 Nbd7 9. h4 h6 10. Bf4 Ng4 11. Ng3 Rf8 12. h5 g5 13. Bxg5 hxg5 14. Nxg5 Bg8 15. Nxf5 Rxf5 16. Qxg4 e6 17. Nf3 Kf8 18. h6 Bh8 19. c3 Nf6 20. Qg3 Ne4 21. Qh3 Bf7 22. g4 Ng5 23. Nxg5 Rxg5 24. f4 Rg8 25. 0-0-0 Ke7 26. e4 Kd7 27. exd5 cxd5 28. g5 Bg6 29. Bc2 Qe8 30. Ba4+ 1-0

[Event "Ruhrgebiet VL2 0910"]
[Site "Germany"]
[Date "2010.01.31"]
[Round "6.8"]
[White "Verfuerth, Christian"]
[Black "Seibert, Michael"]
[Result "1-0"]
[WhiteElo "1869"]
[BlackElo "1880"]
[PlyCount "85"]
[EventDate "2009.09.06"]
[EventType "team-tourn"]
[EventRounds "9"]
[EventCountry "GER"]
[SourceTitle "EXT 2011"]
[Source "ChessBase"]
[SourceDate "2010.11.26"]
[SourceVersion "1"]
[SourceVersionDate "2010.11.26"]
[SourceQuality "1"]
[WhiteTeam "Horst Emscher II"]
[BlackTeam "Oberhausen II"]
[WhiteTeamCountry "GER"]
[BlackTeamCountry "GER"]

1. d4 g6 2. e4 c5 3. d5 Bg7 4. Nf3 d6 5. Be2 Nf6 6. Nc3 0-0 7. 0-0 e6 8. h3 exd5 9. exd5 Re8 10. Bg5 a6 11. a4 Qb6 12. Rb1 Qb4 13. Nd2 b5 14. axb5 axb5 15. Bxb5 Bd7 16. Bc4 Nh5 17. Qf3 Re5 18. Bh4 Bh6 19. Nce4 Bxd2 20. Nxd6 f5 21. g4 Ng7 22. Bf6 Re4 23. Nxe4 fxe4 24. Qxe4 h5 25. d6+ Kh7 26. Bxg7 Kxg7 27. gxh5 Bf5 28. Qxa8 Qxc4 29. Qxb8 Bxh3 30. Qb7+ Kh6 31. Qf3 Bg4 32. Qf8+ Kxh5 33. Qh8+ Kg5 34. Qd8+ Kh5 35. d7 Bf5 36. Qh8+ Bh6 37. f4 Qe2 38. Rf2 Qe3 39. d8Q Qg3+ 40. Rg2 Qe3+ 41. Kh1 Qh3+ 42. Rh2 Be4+ 43. Kg1 1-0

[Event "Ruhrgebiet VK3 0708"]
[Site "Germany"]
[Date "2008.04.06"]
[Round "8.3"]
[White "Biermann, Klaus"]
[Black "Seibert, Michael"]
[Result "0-1"]
[WhiteElo "1926"]
[BlackElo "1906"]
[PlyCount "66"]
[EventDate "2007.09.16"]
[EventType "team-tourn"]
[EventRounds "9"]
[EventCountry "GER"]
[SourceTitle "EXT 2009"]
[Source "ChessBase"]
[SourceDate "2008.11.26"]
[SourceVersion "1"]
[SourceVersionDate "2008.11.26"]
[SourceQuality "1"]
[WhiteTeam "Essen Werden"]
[BlackTeam "Oberhausen III"]
[WhiteTeamCountry "GER"]
[BlackTeamCountry "GER"]

1. c4 g6 2. Nc3 Bg7 3. g3 c5 4. Bg2 Nc6 5. e4 d6 6. Nge2 f5 7. d3 Nf6 8. 0-0 0-0 9. a3 fxe4 10. dxe4 Bg4 11. h3 Be6 12. Nd5 Ne5 13. Qc2 Qd7 14. f4 Nxd5 15. fxe5 Nb6 16. Bf4 Nxc4 17. exd6 exd6 18. Rad1 Rxf4 19. gxf4 Ne3 20. Qd3 Nxf1 21. Kxf1 Rd8 22. Rd2 Qf7 23. Qg3 Bc4 24. Bf3 Bxe2+ 25. Bxe2 Be5 26. Kg2 Bxf4 27. Bc4 Bxg3 28. Bxf7+ Kxf7 29. Kxg3 Ke6 30. Kf4 Rf8+ 31. Ke3 Rf1 32. Rh2 Ke5 33. Rd2 Re1+ 0-1

[Event "Ruhrgebiet VK3 0708"]
[Site "Germany"]
[Date "2008.03.09"]
[Round "7.3"]
[White "Seibert, Michael"]
[Black "Bausch, Thomas"]
[Result "1-0"]
[WhiteElo "1906"]
[BlackElo "2024"]
[PlyCount "47"]
[EventDate "2007.09.16"]
[EventType "team-tourn"]
[EventRounds "9"]
[EventCountry "GER"]
[SourceTitle "EXT 2009"]
[Source "ChessBase"]
[SourceDate "2008.11.26"]
[SourceVersion "1"]
[SourceVersionDate "2008.11.26"]
[SourceQuality "1"]
[WhiteTeam "Oberhausen III"]
[BlackTeam "Bochum Uni"]
[WhiteTeamCountry "GER"]
[BlackTeamCountry "GER"]

1. d4 d5 2. Nf3 Nf6 3. Bg5 Ne4 4. Bf4 c5 5. e3 Nc6 6. c3 cxd4 7. Nxd4 a6 8. Bd3 Nc5 9. Bc2 g6 10. Nxc6 bxc6 11. Qd4 f6 12. Qxc5 e5 13. Qxc6+ Bd7 14. Qxd5 exf4 15. Bb3 Ke7 16. Na3 fxe3 17. 0-0-0 Qe8 18. Qe4+ Kd8 19. Qxa8+ Ke7 20. Qxe8+ Kxe8 21. Rhe1 Kd8 22. Ba4 Bh6 23. Rxd7+ Kc8 24. fxe3 1-0

[Event "Ruhrgebiet VK1 9900"]
[Site "Ruhrgebiet"]
[Date "2000.02.20"]
[Round "6"]
[White "Liedtke, Andreas"]
[Black "Seibert, Michael"]
[Result "0-1"]
[WhiteElo "1907"]
[BlackElo "1857"]
[PlyCount "34"]
[EventDate "1999.09.19"]
[EventType "team-tourn"]
[EventRounds "9"]
[EventCountry "GER"]
[SourceTitle "EXT 2024"]
[Source "ChessBase"]
[SourceDate "2023.10.10"]
[SourceVersion "1"]
[SourceVersionDate "2023.10.10"]
[SourceQuality "1"]

1. e4 e5 2. f4 d5 3. exd5 e4 4. Nc3 Nf6 5. d3 Bb4 6. dxe4 Nxe4 7. Qd4 Qh4+ 8. g3 Nxg3 9. Qe5+ Kd8 10. Nf3 Qg4 11. Bh3 Qxf3 12. Bxc8 Qxh1+ 13. Kf2 Qxh2+ 14. Kf3 Kxc8 15. Be3 Nd7 16. Qxg7 Bxc3 17. Qxc3 Qe2+ 0-1